Statistics for Most Keystrokes - 90 Second Sprint

Click here to take the quiz!

General Stats

  • This quiz has been taken 280 times
  • The average score is 150 of 154

Answer Stats

Hits% Correct
Z
100%
Z
99%
Z
99%
Z
99%
Z
99%
Z
99%
Z
98%
Z
98%
Z
98%
Z
98%
Z
98%
Z
98%
Z
98%
Z
98%
Z
98%
Z
98%
Z
98%
Z
98%
Z
98%
Z
98%
Z
98%
Z
98%
Z
98%
Z
98%
Z
98%
Z
98%
Z
98%
Z
98%
Z
98%
Z
98%
Z
98%
Z
98%
Z
98%
Z
98%
Z
98%
Z
98%
Z
98%
Z
98%
Z
98%
Z
98%
Z
98%
Z
98%
Z
98%
Z
98%
Z
98%
Z
98%
Z
98%
Z
98%
Z
98%
Z
98%
Z
98%
Z
98%
Z
98%
Z
98%
Z
98%
Z
98%
Z
98%
Z
98%
Z
98%
Z
98%
Z
98%
Z
98%
Z
98%
Z
98%
Z
98%
Z
98%
Z
98%
Z
98%
Z
97%
Z
97%
Z
97%
Z
97%
Z
97%
Z
97%
Z
97%
Z
97%
Z
97%
Z
97%
Z
97%
Z
97%
Z
97%
Z
97%
Z
97%
Z
97%
Z
97%
Z
97%
Z
97%
Z
97%
Z
97%
Z
97%
Z
97%
Z
97%
Z
97%
Z
97%
Z
97%
Z
97%
Z
97%
Z
97%
Z
97%
Z
97%
Z
97%
Z
97%
Z
97%
Z
97%
Z
97%
Z
97%
Z
97%
Z
97%
Z
97%
Z
97%
Z
97%
Z
97%
Z
97%
Z
97%
Z
97%
Z
97%
Z
97%
Z
97%
Z
97%
Z
97%
Z
97%
Z
97%
Z
97%
Z
97%
Z
97%
Z
97%
Z
97%
Z
97%
Z
97%
Z
97%
Z
97%
Z
97%
Z
97%
Z
97%
Z
97%
Z
97%
Z
97%
Z
97%
Z
97%
Z
97%
Z
97%
Z
97%
Z
97%
Z
97%
Z
97%
Z
97%
Z
97%
Z
97%
Z
97%
Z
97%
Z
97%
Z
97%
Z
97%
Z
97%

Score Distribution

Percentile by Number Answered

Percent of People with Each Score

Your Score History

You have not taken this quiz